| 000 | 01135nac a22003011i 4500 | ||
|---|---|---|---|
| 003 | EG-ScBUE | ||
| 005 | 20250804101152.0 | ||
| 008 | 090203t2008 njua f 001 0 eng d | ||
| 020 | _a9780471684961 | ||
| 040 |
_aEG-ScBUE _beng _erda _cEG-ScBUE _dEG-ScBUE |
||
| 082 | 0 | 4 |
_a547 _bSOL _222 |
| 100 | 1 |
_aSolomons, T. W. Graham, _eauthor. |
|
| 245 | 1 | 0 |
_aOrganic chemistry / _cT. W. Graham Solomons, University of South Florida, Craig B. Fryhle, Pacific Lutheran University. |
| 250 | _aNinth edition. | ||
| 264 | 1 |
_aHoboken, NJ : _bJ. Wiley & Sons, _c[2008] |
|
| 264 | 4 | _cc2008 | |
| 300 |
_a1 volume (various pagings) : _billustrations (some color) ; _c27 cm |
||
| 336 |
_2rdacontent _atext _btxt |
||
| 337 |
_aunmediated _2rdamedia _bn |
||
| 338 |
_avolume _bnc _2rdacarrier |
||
| 500 | _aIncludes index. | ||
| 650 | 7 |
_aChemistry, Organic. _2BUEsh |
|
| 655 | _vReading book | ||
| 700 | 1 |
_aFryhle, Craig B., _eauthor. |
|
| 856 | 4 | 2 |
_3Publisher description _uhttp://www.loc.gov/catdir/description/wiley039/2003041110.html |
| 856 | 4 | 2 |
_3Table of contents _uhttp://www.loc.gov/catdir/toc/wiley031/2003041110.html |
| 942 |
_cBB _2ddc |
||
| 999 |
_c10644 _d10644 |
||